000 00442nam a2200157 i 4500
001 50220
003 ES-MaACL
005 20230906162138.0
007 t|
008 030801q19501959sp ||||1| spa d
100 1 _aCruz Agusti, Francisco de la.
_941812
245 1 0 _aEscogí el camino recto /
_cFrancisco de la Cruz Agusti.
260 _aLa Coruña :
_bMoret,
_c[195?]
300 _a69 p. ;
_c14 cm.
852 _aES-MaACL
_j1968-F-1
_bR.35763
999 _c50220
_d50220